RAF Operations - Statistics

General Stats
  • This quiz has been taken 19 times
  • The average score is 3 of 17
Answer Stats
Hint Answer % Correct
UK Cobra Warrior
50%
Middle East DAESH - SHADER
50%
Lossiemouth QRA
50%
Coningsby QRA
50%
Global/UK Cyber Threats
25%
Nebraska/Alaska Red Flag
25%
Falklands Air defence and transport support
0%
Sweden Arctic Challenge
0%
Antarctic Austral Endurance
0%
Indo-pacific Bersama Lima
0%
Oman Magic Carpet
0%
Romania and Estonia Operation Biloxi
0%
Australia Pitch Black
0%
Qatar Soaring Falcon
0%
Global Space Command
0%
UK Supporting Civilian Partners
0%
New Mexico Virtual Flag
0%
No matching quizzes found
Score Distribution
Percent of People with Each Score
Percentile by Number Answered
Your Score History
You have not taken this quiz